Basic Nursing Procedure Manual and Essentials (Record no. 1299)

MARC details
000 -LEADER
Fixed length control field 00529nam a2200193Ia 4500
003 - CONTROL NUMBER IDENTIFIER
Control field IIN
005 - DATE AND TIME OF LATEST TRANSACTION
Control field 20240125112307.0
008 - FIXED-LENGTH DATA ELEMENTS--GENERAL INFORMATION
Fixed length control field 231217s9999 xx 000 0 und d
020 ## - INTERNATIONAL STANDARD BOOK NUMBER / ISBN
Price Rs.795.00
International Standard Book Number 9788123924298
040 ## - CATALOGING SOURCE
Original cataloging agency IIN
Language of cataloging English
082 ## - DEWEY DECIMAL CLASSIFICATION NUMBER
Classification number 610.73
Book Number THA
100 1# - MAIN ENTRY--PERSONAL NAME
Personal name Thresyamma, C.P.
245 1# - TITLE STATEMENT
Title Basic Nursing Procedure Manual and Essentials
Statement of responsibility C.P. Thresyamma
260 ## - IMPRINT
Name of publisher CBS
Place of publication New Delhi
Date of publication 2014
300 ## - PHYSICAL DESCRIPTION
Page / Vol. No [14], 3-619 p.
650 1# - SUBJECT ADDED ENTRY--TOPICAL TERM
Topical term Foundation
Form subdivision Nursing
650 1# - SUBJECT ADDED ENTRY--TOPICAL TERM
Topical term Procedure
Form subdivision Nursing
942 ## - ADDED ENTRY ELEMENTS (KOHA)
Koha item type Books
Holdings
Withdrawn status Lost status Damaged status Not for loan Collection code Home library Current library Date acquired Price Total Checkouts Call number Accession number Date last seen Price effective from Koha item type Date checked out
          IDEAL INSTITUTE OF NURSING IDEAL INSTITUTE OF NURSING 17/12/2023 795.00   610.73 THA 1293 17/12/2023 17/12/2023 Books  
          IDEAL INSTITUTE OF NURSING IDEAL INSTITUTE OF NURSING 17/12/2023 795.00   610.73 THA 1294 17/12/2023 17/12/2023 Books  
          IDEAL INSTITUTE OF NURSING IDEAL INSTITUTE OF NURSING 17/12/2023 795.00 1 610.73 THA 1295 10/01/2024 17/12/2023 Books 09/01/2024
© Ideal Institute Of Nursing, All rights reserved.         Powered by Koha